000 00358cam a2200145ua 4500
041 _aeng
_h
082 _a824
_bLAM/PR
100 _aLamb, Charles .
245 _aProse and Poetry /
_cCharles Lamb.
_hTextual Documents
260 _aLondon :
_bOxford at the Clarendon Press ,
_c1952.
300 _a216 ; .
504 _a
942 _cBK
999 _c832
_d832